000 00809nam a22002657a 4500
005 20170124110155.0
010 _aA-408296
020 _c00.00
035 _aA-408296
037 _bCen Lib/Ret
040 _aDPL
_bEN
082 _a621.4833
_bGER
100 _aGerasimov, V.
_934877
245 _aNuclear engineering materials /
_cby V. Gerasimov [and] A. Monakhov; translated by Peter Zabolotny
250 _arev. 2nd ed
260 _aMoscow
_bMir Publishers
_c1983
270 _bMoscow
300 _a311p.
_c21cm(Hb)
500 _aIncludes bibliographical references and index
650 _z
_aNuclear engineering
_919819
650 _aNuclear reacter
_934878
700 _aMonakhov, A.
_934864
700 _aZobolotny. Peter
_934879
942 _2ddc
_cEN
_h621.4833
_mGER
999 _c132489
_d132489